[Event "Moscow Aeroflot op-A 15th"]
[Site "Moscow"]
[Date "2016.03.07"]
[Round "7"]
[White "Gelfand, Boris"]
[Black "Matlakov, Maxim"]
[Result "1/2-1/2"]
[WhiteElo "2735"]
[BlackElo "2682"]
[Annotator "Besenthal,K"]
[PlyCount "37"]
[EventDate "2016.03.01"]
[EventType "swiss"]
[EventRounds "9"]
[EventCountry "RUS"]
[SourceTitle "CBM 171"]
[Source "ChessBase"]
[SourceDate "2016.03.14"]
[SourceVersion "2"]
[SourceVersionDate "2016.03.14"]
[SourceQuality "1"]

1. d4 Nf6 2. c4 e6 3. Nf3 d5 4. Nc3 Bb4 5. Bg5 h6 6. Bxf6 Qxf6 7. e3 O-O 8. Rc1
dxc4 9. Bxc4 c5 10. dxc5 Nd7 11. c6 bxc6 12. O-O Ne5 13. Be2 {Diagramm [#]} Rb8
({Die schwarzen Bauern sind etwas schwächer als die weißen; dafür stehen
die schwarzen Figuren aktiver - die einzige andere Partie in der Datenbank
bestätigt dies:} 13... Nxf3+ 14. Bxf3 Ba6 15. Re1 Rab8 16. Qa4 Rb6 17. Red1
Bxc3 18. bxc3 Rd8 19. Qa3 g6 20. h3 Kg7 21. Rd4 Rxd4 22. cxd4 Bb5 23. Rc5 Kh7
24. Qc3 Ra6 25. Qc2 Qd8 26. Bxc6 Bxc6 27. Rxc6 Rxc6 28. Qxc6 Qa5 29. Qc2 Qe1+
30. Kh2 a5 31. Kg3 h5 32. h4 Qb4 33. Qc7 Kg7 34. Qc5 Qd2 35. Qc4 Qd1 36. Kh2
Qd2 37. Kg1 Qd1+ 38. Qf1 Qc2 39. Qa1 Kg8 40. a4 Qb3 41. g3 Kh7 42. Kf1 Qc4+ 43.
Ke1 Qb4+ 44. Ke2 Qc4+ 45. Kf3 Qb3 46. Kg2 Kg8 47. Kg1 Kh7 48. e4 Kg8 49. Qc1
Qxa4 50. d5 exd5 51. exd5 Qd4 52. Qc6 a4 53. d6 Kg7 54. d7 {1/2-1/2 (54)
Sasikiran,K (2658)-Sandipan,C (2478) Mumbai 2003}) 14. Qa4 Bxc3 15. bxc3 c5 16.
Qxa7 Bb7 17. Nxe5 Qxe5 18. Rfd1 Be4 19. Rd2 {Diagramm [#] Schwarz hat
Kompensation für den Bauern, doch offenbar wollten beide Spieler diesen
Sachverhalt nicht näher untersuchen.} 1/2-1/2

[Event "Wunsiedel op 10th"]
[Site "Wunsiedel"]
[Date "2016.05.07"]
[Round "6"]
[White "Werle, Jan"]
[Black "Gajewski, Grzegorz"]
[Result "0-1"]
[WhiteElo "2554"]
[BlackElo "2598"]
[Annotator "Besenthal,K"]
[PlyCount "72"]
[EventDate "2016.05.05"]
[EventType "swiss"]
[EventRounds "7"]
[EventCountry "GER"]
[SourceTitle "CBM 172 Extra"]
[Source "ChessBase"]
[SourceDate "2016.06.21"]
[SourceVersion "1"]
[SourceVersionDate "2016.06.21"]
[SourceQuality "1"]
[WhiteClock "0:02:00"]
[BlackClock "0:11:09"]

1. d4 Nf6 2. c4 e6 3. Nf3 d5 4. Nc3 Bb4 5. cxd5 exd5 6. Qa4+ Nc6 7. Bg5 h6 8.
Bxf6 Qxf6 9. e3 O-O 10. Be2 Be6 11. O-O a6 12. Rfc1 Bd6 13. Qd1 Ne7 14. Na4 b6
15. b4 g5 16. Nb2 Ng6 17. Nd3 Qg7 18. a4 a5 19. b5 f6 20. Nd2 f5 21. Rc3 f4 22.
Rac1 fxe3 23. fxe3 Nh4 24. g3 Nf5 25. Nf2 Rae8 26. Nf1 Re7 27. Bh5 Kh8 28. Ng4
{Diagramm [#]} Nh4 29. Nd2 Bf7 $6 {Danach geht der schwarze Vorteil verloren.}
(29... Bb4 30. Ne5 (30. gxh4 Bxc3 31. Rxc3 gxh4 $19) 30... Bxc3 $17) 30. Ne5
Bxe5 31. dxe5 Qxe5 32. gxh4 gxh4 33. Bf3 Bg6 {Jetzt liegt der Vorteil auf
Seiten von Weiß, doch die Sache läuft dem Anziehenden aus dem Ruder.} 34. Qe2
$2 d4 $1 35. Rc6 Rg7 $2 {Diagramm [#] Der "Gegenfehler".} (35... Qxe3+ $1 36.
Qxe3 dxe3 $19) 36. exd4 $4 ({Nach} 36. Kh1 {wäre nicht viel los gewesen.})
36... Qxe2 {Diagramm [#]} 0-1

[Event "FRA-ch 91st"]
[Site "Agen"]
[Date "2016.08.18"]
[Round "6"]
[White "Fressinet, Laurent"]
[Black "Jolly, Jean Francois"]
[Result "1-0"]
[WhiteElo "2677"]
[BlackElo "2361"]
[Annotator "Besenthal,K/Primel,D"]
[PlyCount "121"]
[EventDate "2016.08.13"]
[EventType "tourn"]
[EventRounds "9"]
[EventCountry "FRA"]
[EventCategory "14"]
[SourceTitle "CBM 174"]
[Source "ChessBase"]
[SourceDate "2016.09.13"]
[SourceVersion "1"]
[SourceVersionDate "2016.09.13"]
[SourceQuality "1"]
[TimeControl "40/5400+30:1800+30"]

1. d4 {[%emt 0:00:00]} Nf6 {[%emt 0:00:58]} 2. Nf3 {[%emt 0:00:00]} e6 {
[%emt 0:00:22]} 3. c4 {[%emt 0:00:00]} d5 {[%emt 0:00:30]} 4. Nc3 {[%emt 0:00:
07]} Bb4 {[%emt 0:00:33]} 5. cxd5 {[%emt 0:01:32]} exd5 {[%emt 0:02:40]} 6. Bg5
{[%emt 0:00:07]} O-O {[%emt 0:00:59]} 7. e3 {[%emt 0:02:20]} c5 {[%emt 0:00:22]
} 8. Be2 {[%emt 0:06:01]} (8. dxc5 Nbd7 9. Rc1 Qa5 10. a3 Bxc3+ 11. Rxc3 Ne4
12. b4 Nxc3 13. Qa1 Qa4 14. Qxc3 a5 15. b5 Nxc5 16. Qxc5 Bf5 17. Qc3 Rfc8 18.
Qa1 Qc2 19. Nd4 Qc1+ 20. Qxc1 Rxc1+ 21. Kd2 Rac8 22. Nxf5 R8c2+ 23. Kd3 Rxf2
24. Ne7+ Kh8 25. g3 Ra1 26. Kd4 Rc1 27. Bg2 Rd2+ 28. Ke5 f6+ 29. Kd6 Rc3 30.
Rf1 h6 31. Rxf6 hxg5 32. Rf8+ Kh7 33. Bh3 g4 34. Bxg4 Rxe3 35. Bf5+ g6 36.
Bxg6+ Kg7 37. Rg8+ {1-0 (37) Aronian,L (2792)-Nakamura,H (2787) Leuven 2016})
8... Be6 {[%emt 0:05:01]} 9. dxc5 {[%emt 0:05:21]} Bxc3+ {[%emt 0:07:29]} 10.
bxc3 {[%emt 0:01:42]} Nbd7 {[%emt 0:00:04]} 11. Qd4 {[%emt 0:07:29]} Qa5 $146 {
[%emt 0:06:49]} (11... Qc7 12. Bxf6 Nxf6 13. Bd3 h6 14. O-O Rac8 15. Rab1 Nd7
16. e4 Nxc5 17. exd5 Bxd5 18. Qxd5 Rfd8 19. Qc4 Rxd3 20. Rfd1 Rxd1+ 21. Rxd1
Ne6 22. Qxc7 Rxc7 23. Rc1 Nf4 24. Nd4 Rc4 25. Kf1 Nd5 26. Ne2 b5 27. Ke1 a6 28.
Kd2 f5 29. Nd4 Nxc3 30. Kd3 Rxd4+ 31. Kxc3 Rc4+ 32. Kd2 Rxc1 {0-1 (32)
Yakovich,Y (2583)-Smirnov,P (2613) Tomsk 2006}) 12. Qb4 {[%emt 0:13:45]} Qc7 {
[%emt 0:04:47]} 13. O-O {[%emt 0:04:40]} Rfc8 {[%emt 0:02:53]} 14. Nd4 {
[%emt 0:04:20]} Qxc5 {[%emt 0:12:22]} 15. Qxb7 {[%emt 0:05:14]} Qxc3 {[%emt 0:
03:47]} 16. Bf4 {[%emt 0:04:22]} Nc5 {[%emt 0:03:33]} 17. Qe7 {[%emt 0:02:28]}
Nce4 {[%emt 0:15:28]} 18. Ba6 {[%emt 0:04:33]} Re8 {[%emt 0:02:43]} 19. Qc7 {
[%emt 0:00:09]} Qxc7 $6 {[%emt 0:00:20] In dem jetzt entstehenden Endspiel
kann Schwarz nichts Aktives mehr unternehmen und wird von Fressinet
schließlich einfach zermürbt.} (19... Qa3 20. Bb7 Re7 21. Bxa8 Rxc7 22. Bxc7
{wollte sich Schwarz wohl nicht antun, doch nach} Ng4 {hätte der Nachziehende
eine gute Stellung gehabt.}) 20. Bxc7 {[%emt 0:00:05]} Nc5 {[%emt 0:00:20]} 21.
Be2 {[%emt 0:00:57]} Rec8 {[%emt 0:05:07]} 22. Bf4 $16 {[%emt 0:09:07][%csl
Re6] Les Blancs ont une bonne finale} Nfe4 {[%emt 0:01:00]} 23. Rfc1 {[%emt 0:
02:41][%cal Gf2f3]} Na4 {[%emt 0:06:30]} 24. Ba6 $1 $36 {[%emt 0:03:03]} Rxc1+
{[%emt 0:03:06]} 25. Rxc1 {[%emt 0:00:09]} Nec5 {[%emt 0:00:24]} 26. Be2 {
[%emt 0:02:07]} Bd7 {[%emt 0:01:29]} 27. f3 {[%emt 0:04:26]} Rc8 {[%emt 0:02:
32]} 28. Bd6 {[%emt 0:04:22]} Nb7 {[%emt 0:01:50]} 29. Rxc8+ {[%emt 0:02:20]}
Bxc8 {[%emt 0:00:05]} 30. Bb4 {[%emt 0:00:09]} Bd7 {[%emt 0:03:42]} 31. Nb3 {
[%emt 0:00:54]} Nb6 {[%emt 0:02:22]} 32. Nc5 {[%emt 0:05:41]} (32. Kf2) 32...
Nxc5 {[%emt 0:01:09]} 33. Bxc5 {[%emt 0:00:01]} f6 {[%emt 0:01:40]} 34. Bd1 {
[%emt 0:01:16]} Kf7 {[%emt 0:00:57]} 35. Bb3 {[%emt 0:00:47]} Be6 {[%emt 0:00:
27]} 36. Kf2 {[%emt 0:00:19]} Nc8 {[%emt 0:01:42]} 37. Ke2 {[%emt 0:00:39]} a6
{[%emt 0:00:16]} 38. Kd3 {[%emt 0:02:20]} Ne7 {[%emt 0:00:11]} 39. Kc3 {
[%emt 0:02:44]} Nc6 {[%emt 0:00:47]} 40. Ba4 {[%emt 0:00:07]} Bd7 {[%emt 0:00:
11]} 41. Bc2 {[%emt 0:02:19]} g6 {[%emt 0:06:31]} 42. Bd3 {[%emt 0:03:57]} Bc8
{[%emt 0:00:07]} 43. e4 {[%emt 0:01:13]} Ne5 {[%emt 0:06:41]} 44. Bc2 {[%emt 0:
00:53]} Be6 {[%emt 0:00:31]} 45. a3 {[%emt 0:00:44] In dieser Stellung ist
Schwarz der Verteidiger - nach langem Kampf scheitert er schließlich an der
Aufgabe, mit dem kurzschrittigen Springer die Stellung zusammenzuhalten. Weiß
muss dafür nicht viel mehr tun als einfach geschickt zu manövrieren. Man
sieht auch hier wieder: Verteidigen ist viel anstrengender als anzugreifen.} h5
{[%emt 0:01:53] '?!' Diese Lockerung der schwarzen Struktur dürfte die
Chancen von Weiß tendenziell verbessern.} 46. Bd4 {[%emt 0:04:35]} (46. f4 Nc6
47. g3 dxe4 48. Bxe4 Bd7 49. Bd5+ Kg7 $16 {halten die Computer für die
stärkste Fortsetzung, doch auch hier ist noch nicht erkennbar, wie Weiß die
Partie konkret gewinnen kann.}) 46... Nc6 {[%emt 0:03:17]} (46... g5 $1 {
hätte den schwarzen Springer in seiner starken Position gehalten.}) 47. Bd3 {
[%emt 0:01:18]} dxe4 {[%emt 0:10:18]} 48. Bxe4 {[%emt 0:00:19]} Ne7 $2 {
[%emt 0:00:42]} ({Notwendig war} 48... Bd7 49. Bd5+ Ke7 50. Bf2 Kd6 {und
Schwarz kann vor allem das Vordringen des weißen Königs verhindern.}) 49. Kb4
{[%emt 0:03:52]} Bd7 {[%emt 0:02:09] '?!'} (49... Bf5 50. Bb7 Bd3 {war
stärker. Nach} 51. Ka5 $6 h4 52. Bxa6 Nc6+ 53. Kb6 Bxa6 54. Kxc6 Bf1 55. g3
hxg3 56. hxg3 Bg2 {könnte Weiß dann jedenfalls nicht gewinnen.}) 50. Bd3 {
[%emt 0:03:30]} a5+ {[%emt 0:03:42]} (50... Bc8 51. Bc4+) 51. Kc5 {[%emt 0:00:
20] Der weiße König dringt entscheidend in die schwarze Stellung ein.} g5 {
[%emt 0:00:56]} 52. Bc4+ {[%emt 0:04:48]} Be6 {[%emt 0:00:51]} 53. Bb5 {
[%emt 0:01:48]} (53. Bxe6+ Kxe6 54. a4 {hätte auch zum Sieg gereicht, doch
Weiß möchte das Läuferpaar lieber noch behalten.}) 53... Nd5 {[%emt 0:00:26]
} 54. a4 {[%emt 0:01:41]} ({Hier war} 54. Kd6 $1 {gut.}) 54... h4 {[%emt 0:00:
22]} 55. g3 {[%emt 0:01:37]} hxg3 {[%emt 0:00:51]} 56. hxg3 {[%emt 0:00:01]} f5
{[%emt 0:00:15]} 57. Bc4 {[%emt 0:02:19]} Ne7 {[%emt 0:00:08]} 58. Be2 {
[%emt 0:02:22]} f4 {[%emt 0:01:06]} 59. g4 {[%emt 0:00:49]} Bd7 {[%emt 0:00:00]
} 60. Bd1 {[%emt 0:00:20]} Nc8 {[%emt 0:01:10]} 61. Bc3 {[%emt 0:00:21]} 1-0

[Event "AUT-ch playoff Hoelzl-Herzog +2-1=0"]
[Site "Lienz"]
[Date "1981.08.??"]
[Round "2"]
[White "Hoelzl, Franz"]
[Black "Herzog, Adolf"]
[Result "0-1"]
[WhiteElo "2375"]
[BlackElo "2355"]
[Annotator "Bulletin"]
[PlyCount "102"]
[EventDate "1981.08.??"]
[EventType "match"]
[EventRounds "3"]
[EventCountry "AUT"]
[SourceTitle "EXT 1998"]
[Source "ChessBase"]
[SourceDate "1997.11.17"]
[SourceVersion "1"]
[SourceVersionDate "1997.11.17"]
[SourceQuality "1"]

1. Nf3 Nf6 2. c4 e6 3. Nc3 Bb4 4. Qc2 d5 5. d4 {Durch Zugumstellung kam ich
hier in die angestrebte Stellung, die Hölzl gegen Seirawan nach der Zugfolge 1.
c4 e6 2.d4 Sf6 3. Sc3 Lb4 4.Dc2 d5 5.Sf3 im "Tungsramturnier" (Baden bei Wien)
1980 am Brett hatte.} dxc4 {Laut ECO steht Schwarz hier besser.} 6. Qa4+ {
Angenehmer wäre mir} (6. Bg5 b5 7. a4 c6 8. axb5 cxb5 9. Bxf6 Qxf6 10. Qe4 Qg6
11. Qxa8 Qc2 12. Rd1 Qxb2 13. Qxb8 Bxc3+ 14. Nd2 Bxd2+ 15. Rxd2 Qb1+ 16. Rd1
Qb4+ 17. Rd2 O-O 18. Qf4 c3 19. Rc2 e5 $1 {gewesen.}) 6... Nc6 7. a3 Bxc3+ 8.
bxc3 Qd5 9. Nd2 b5 10. Qc2 Bb7 $2 {Nicht das Beste. Schlecht wäre auch} (10...
Ng4 11. e4 Nxd4 12. Qb2 $1 {Besser war jedoch 10...0-0.}) 11. e4 Qh5 $2 (11...
Qd8 $1) 12. Rb1 a6 13. Bxc4 Qg6 14. O-O Na5 15. Bd3 c5 16. f3 Qh5 17. e5 {
Besser erscheint 17.a4!. Der Läufer hätte auf a3 prächtige Perspektiven.} Nd7
18. Ne4 Bxe4 19. Bxe4 Rc8 20. Qf2 O-O 21. g4 Qh3 22. Re1 h5 23. g5 Rfd8 24. Kh1
Nb6 25. Rg1 $2 {Eine Ungenauigkeit. Wesentlich unangenehmer war 25.g6.} cxd4
26. cxd4 $2 (26. g6 $1 Rxc3 $2 {Etwas besser war vielleicht 26...f6?!.} 27.
gxf7+ Kf8 28. Bh6 gxh6 29. Rg3 {oder}) 26... Nd5 27. g6 {Zu spät, viel zu spät!
} f6 28. exf6 {Auch 28.Lxd5 hätte nichts gebracht, da f3 zu schwach wird.} Nxf6
29. Rg3 Qh4 30. Qa2 Nxe4 31. Qxe6+ Kh8 32. Qxe4 (32. fxe4 $2 Rc2 $1) 32... Qxe4
33. fxe4 Rxd4 34. Bb2 Rxe4 35. Rf1 $2 {Richtig war 35.Td1!.} Nc4 36. Ba1 Kg8
37. a4 b4 38. Rc1 Rce8 39. Rd3 Ne5 40. Bxe5 R4xe5 41. Rc6 a5 42. Rd7 Rg5 43. h3
Rg3 44. Kh2 h4 45. Re6 Rf8 46. Ra6 Rf2+ 47. Kh1 Rxh3+ 48. Kg1 Rf6 49. Ra8+ Rf8
50. Rdd8 Rhf3 51. Rdb8 {[#] Nach} (51. Rxf8+ Rxf8 52. Rxa5 Rb8 53. Re5 b3 54.
Re1 b2 55. Rb1 Kf8 {wäre die Gewinnführung noch etwas schwieriger.}) 51... b3
$1 {[FM A. Herzog]} 0-1

[Event "EU-chT (Men) 10th"]
[Site "Debrecen"]
[Date "1992.11.??"]
[Round "2.2"]
[White "Skembris, Spyridon"]
[Black "Barle, Janez"]
[Result "1-0"]
[WhiteElo "2530"]
[BlackElo "2430"]
[Annotator "Bulletin"]
[PlyCount "95"]
[EventDate "1992.11.20"]
[EventType "team-swiss"]
[EventRounds "9"]
[EventCountry "HUN"]
[SourceTitle "EU-chT"]
[Source "ChessBase"]
[SourceDate "1999.07.01"]
[SourceVersion "2"]
[SourceVersionDate "1999.07.01"]
[SourceQuality "1"]
[WhiteTeam "Greece"]
[BlackTeam "Slovenia"]
[WhiteTeamCountry "GRE"]
[BlackTeamCountry "SLO"]

1. d4 Nf6 2. Nf3 d5 3. c4 e6 4. Nc3 Bb4 5. Qb3 c5 6. dxc5 $5 (6. e3 Qa5 $5)
6... Nc6 7. e3 O-O (7... Qa5 $5) 8. Be2 Qe7 $5 (8... Qa5 9. O-O $14) (8... Ne4
9. cxd5 Qxd5 $5 (9... exd5 10. O-O $14)) 9. cxd5 $5 (9. a3 Ba5 $5 (9... Bxc3+
10. Qxc3 $14 {^^}) (9... dxc4 10. Qxc4 Bxc5 11. b4 $14)) 9... exd5 $5 (9...
Nxd5 10. Bd2 $14) 10. O-O Rd8 $5 (10... Be6 11. Na4 $1 Bxc5 (11... d4 12. Qc2
$14) 12. Nxc5 Qxc5 {^^}) (10... d4 11. Na4 $1 $14) (10... Qxc5 11. Bd2 $14) 11.
Na4 $1 Bg4 (11... d4 12. Qc2 $14) (11... Ne4 12. a3 Bxc5 $14 (12... Nxc5 $2 13.
Qc2 Nxa4 14. axb4 Nb6 15. b5 {/\ Nd4+/-})) 12. a3 $5 (12. Qc2 d4 {/\ d3|^})
12... Ba5 {/\ Bc7->} 13. h3 Bh5 $5 (13... Bxf3 14. Bxf3 $16) 14. Bd1 $1 (14.
Qc2 d4 $1 {/\ d3|^ פf3}) 14... Bc7 (14... d4 $6 15. Nxd4 $16) 15. Nd4 $1 Qe5
$1 (15... Bxd1 16. Qxd1 Qe5 17. Nf3 $16) 16. f4 $8 Nxd4 $8 17. Qb4 $1 (17. Qxb7
$2 Qe8 $1 $17) (17. fxe5 $2 Nxb3 18. Bxh5 Nxh5 $17) (17. exd4 Qxd4+ 18. Be3
Bxd1 19. Raxd1 Qc4 $13) 17... Qe4 $1 (17... Nc6 $6 18. fxe5 $16) (17... a5 18.
Qxd4 $16 {><b6}) 18. Qxd4 (18. Bxh5 $2 Nc2 $1 19. Qxe4 dxe4 20. Bd1 (20. Ra2
Nxh5 21. b4 Ng3 $17) 20... Nxa1 21. b4 Nd5 $1 $17) (18. exd4 Ba5 $5) 18... Qxd4
19. exd4 Bxd1 20. Rxd1 Nh5 $1 (20... Ne4 21. Nc3 Nxc3 22. bxc3 b6 23. Be3 $16)
21. Nc3 (21. f5 $2 Ng3 $15 {><d4}) (21. Rf1 $6 Ng3 22. Rf2 Re8 $132) 21... Bxf4
(21... Nxf4 $6 22. b4 $16 {ץc7}) 22. Bxf4 Nxf4 23. Rd2 $14 b6 24. Rf1 Ne6 (
24... g5 25. h4 $14) 25. b4 bxc5 $6 (25... a5 $5 $14) 26. dxc5 $16 d4 27. Ne4
$6 (27. Na4 $5 $16) 27... a5 $1 28. b5 Rd5 $1 29. a4 f5 (29... Nxc5 30. Nxc5
Rxc5 31. Rxd4 $14 {><a5, f7}) 30. Nd6 g6 $2 (30... Rxc5 $5 $14) 31. Nb7 $1 Nxc5
32. Nxc5 Rxc5 33. Rxd4 Rac8 $6 (33... Re8 $5 34. Rfd1 Rc2 35. R1d2 $16 {
><a5, Kg8}) 34. Rd7 $1 Rc4 (34... R5c7 35. Rfd1 Rxd7 36. Rxd7 Rc4 37. Ra7 Rxa4
38. b6 $18) 35. Re1 Rxa4 (35... Rc1 36. Rxc1 Rxc1+ 37. Kh2 {/\ b6+-, /\ Ra7+-})
36. Ree7 Rb4 (36... Ra1+ 37. Kh2 a4 38. b6 $18) 37. Rg7+ Kh8 38. Rxh7+ Kg8 39.
Rdg7+ Kf8 40. Rb7 $1 Kg8 41. Rhd7 $1 $18 a4 42. b6 a3 43. Rg7+ Kh8 44. Rh7+ Kg8
45. Rbg7+ Kf8 46. Ra7 (46. Rc7 Kg8) 46... Kg8 47. Rhc7 Re8 48. b7 1-0

[Event "EU-chT (Men) 10th"]
[Site "Debrecen"]
[Date "1992.11.??"]
[Round "3.4"]
[White "Lukacs, Peter"]
[Black "Mochalov, Evgeny Veniaminovic"]
[Result "1-0"]
[WhiteElo "2490"]
[BlackElo "2460"]
[Annotator "Bulletin"]
[PlyCount "67"]
[EventDate "1992.11.20"]
[EventType "team-swiss"]
[EventRounds "9"]
[EventCountry "HUN"]
[SourceTitle "EU-chT"]
[Source "ChessBase"]
[SourceDate "1999.07.01"]
[SourceVersion "2"]
[SourceVersionDate "1999.07.01"]
[SourceQuality "1"]
[WhiteTeam "Hungary"]
[BlackTeam "Belarus"]
[WhiteTeamCountry "HUN"]
[BlackTeamCountry "BLR"]

1. d4 Nf6 2. c4 e6 3. Nf3 d5 4. Nc3 Bb4 5. Bg5 Nbd7 6. e3 c5 7. cxd5 exd5 8.
Be2 Qa5 9. O-O O-O 10. dxc5 Bxc3 11. bxc3 Ne4 $5 (11... Qxc5) 12. c4 $1 Nc3 (
12... dxc4 13. Qc2 $1 $16) 13. Qc2 Nxe2+ $6 (13... Nxc5 14. cxd5 Nxd5 15. Bc4
$14 (15. e4 $2 Qc3 $1)) 14. Qxe2 dxc4 $6 (14... Qxc5 15. cxd5 Qxd5 16. Rfd1 $16
) 15. Qxc4 b6 16. c6 $1 Ba6 17. Qg4 $1 (17. Qd4 Nc5 $1 $44) 17... Bxf1 (17...
f5 18. Qd4 $1 Nc5 19. Qd5+ Kh8 20. Ne5 $1 Bxf1 21. Rxf1 $18) (17... Nc5 18. Bf6
Ne6 19. Nd4 $1 $16) 18. cxd7 (18. Rxf1 $2 Ne5 $1) 18... Bd3 $1 19. Qd4 f6 20.
Qxd3 $1 (20. Bf4 Bg6 $1 (20... Bf5 $2 21. Bc7 Rad8 (21... Qc5 22. d8=Q $1 $18)
(21... Rfd8 22. Qc4+ $1 Kf8 23. Bd6#) 22. Qc4+ $1 (22. Bxd8 Rxd8 $10) 22... Kh8
23. Bxd8 Rxd8 24. Qc7 $1 $18) 21. Bc7 Qc5 $1 22. Qxc5 bxc5 23. Rd1 (23. Rc1 Bf5
$1 24. d8=Q Raxd8 25. Bxd8 Rxd8 $10) 23... Rad8 24. Bxd8 Rxd8 $10) 20... fxg5
21. Qc4+ Kh8 22. Rd1 Rad8 $2 (22... Qf5 23. h3 h6 24. Rd5 $16) 23. Rd5 $1 $18
b5 (23... Qa3 24. Nxg5) 24. Rxb5 Qa6 25. Ne5 $1 Qf6 26. f3 Qe7 27. Qd4 Qa3 28.
Rb2 Qa5 29. Rd2 Rf6 30. h3 h6 31. Rc2 Kh7 32. Kh2 Re6 33. Nf7 Qf5 34. Nxd8 1-0

[Event "USA-ch"]
[Site "Greenville"]
[Date "1983.??.??"]
[Round "1"]
[White "Tarjan, James Edward"]
[Black "Lein, Anatoly"]
[Result "0-1"]
[WhiteElo "2535"]
[BlackElo "2490"]
[Annotator "Bulletin"]
[PlyCount "132"]
[EventDate "1983.07.??"]
[EventType "tourn"]
[EventRounds "13"]
[EventCountry "USA"]
[EventCategory "10"]
[SourceTitle "MCL"]
[Source "ChessBase"]
[SourceDate "1999.07.01"]
[SourceVersion "1"]
[SourceVersionDate "1999.07.01"]
[SourceQuality "1"]

1. d4 Nf6 2. c4 e6 3. Nf3 d5 4. Bg5 Nbd7 5. Nc3 Bb4 6. cxd5 exd5 7. e3 c5 8.
Bd3 Qa5 9. O-O c4 10. Bf5 $1 Bxc3 11. bxc3 Ne4 (11... Qxc3 $2 12. Bxf6 Nxf6 (
12... gxf6 13. Qa4) 13. Qa4+ Bd7 14. Bxd7+ Nxd7 15. Ne5 Rd8 16. Rfe1 Qb2 17.
Rab1 b5 18. Qxa7) (11... O-O $6 12. Qc2) 12. Qc2 $1 Ndf6 (12... Nxc3 $2 13.
Rac1 $1) (12... Qxc3 $4 13. Bxe4) 13. Bxc8 Rxc8 14. Bxf6 Nxf6 15. Rfb1 Rc7 16.
Rb4 $5 (16. a4) 16... b6 17. a4 O-O 18. Rb5 (18. Rab1) 18... Qa6 19. Ne5 Rb8
20. Qf5 $6 (20. Rab1) 20... Qb7 21. f3 Ne8 $1 22. Ng4 $5 Nd6 23. Qxd5 Nxb5 24.
Qxb7 Rcxb7 $1 25. axb5 Re8 $1 26. Kf2 (26. e4 f5 $1 27. Ne5 (27. exf5 Re2)
27... fxe4 28. fxe4 Rxe5 $1 29. dxe5 Kf7 30. Rd1 Ke6 31. Rd5 Rf7 $1) 26... Rbe7
27. Ne5 f6 $1 (27... Rxe5 28. dxe5 Rxe5 29. Rxa7 h5 30. Rc7 Rxb5 31. Rxc4 Rb2+
32. Kg3 b5 33. Rb4 Rc2 34. Rb3 $1) 28. Nxc4 Rc8 29. Ra4 Rec7 30. Nd6 Rd8 31.
Ne4 $6 (31. Nc4 $1 Rdc8 (31... a6 $5 32. Rb4 axb5 33. Nxb6 Rxc3 34. Rxb5 Rc2+
35. Kg3 Rb8 36. e4 $10)) 31... f5 32. Ng3 $6 (32. Ng5 $1 Rxc3 33. Rxa7 Re8 34.
d5 Rcxe3 35. Ne6 R8xe6 36. dxe6 Rxe6 $10) 32... Rxc3 33. Nxf5 Rd7 34. Rb4 $2 (
34. d5 $1) 34... Rc2+ 35. Kg3 Rd2 36. h4 h5 37. Kf4 $2 (37. Rc4 $1 Rb2 38. e4
Rxb5 39. Kf4) 37... g6 38. Ng3 Rxg2 39. Ne4 Rf7+ 40. Ke5 Rxf3 41. Ng5 Rxe3+ 42.
Kf6 Rg4 43. Rc4 Rf4+ 44. Kxg6 Kf8 45. Kxh5 Ke7 46. Rc7+ Kd6 47. Rxa7 Rxd4 48.
Ra1 Rb3 49. Rh1 Rxb5 50. Kg6 Rg4 $1 51. Kf6 Rf4+ 52. Kg6 Kc6 $1 53. Ne6 Rg4+
54. Kh6 Rf5 55. Ng5 b5 56. Rc1+ Kb6 57. Kg6 Rd5 58. Rh1 Rdd4 $1 59. Kh5 Rc4 60.
Nh7 Rg2 61. Nf6 b4 62. Nd5+ Kb5 63. Ne3 Rc5+ 64. Kh6 Re2 65. Ng4 Re6+ 66. Kg7
Re7+ 0-1

[Event "Sharjah FIDE GP (Women)"]
[Site "Sharjah"]
[Date "2014.08.28"]
[Round "4"]
[White "Koneru, Humpy"]
[Black "Hou, Yifan"]
[Result "0-1"]
[WhiteElo "2598"]
[BlackElo "2661"]
[Annotator "CB"]
[PlyCount "112"]
[EventDate "2014.08.25"]
[EventType "tourn"]
[EventRounds "11"]
[EventCountry "UAE"]
[EventCategory "10"]
[SourceTitle "CBM 162"]
[Source "ChessBase"]
[SourceDate "2014.09.17"]
[SourceVersion "1"]
[SourceVersionDate "2014.09.17"]
[SourceQuality "1"]

{A nearly perfect game from the World Champion. Black somehow obtained the
slightest of edges in the opening thanks to her piece activity, and Black was
only a minor bit better in the endgame; but somehow this was enough for Hou
Yifan to play like a machine and take a full important point with Black
against the number two seed.} 1. d4 e6 2. c4 Nf6 3. Nc3 Bb4 4. Nf3 d5 5. Qb3 c5
6. dxc5 Na6 {As usual the World Champion chooses a playable but rare variation.
} 7. Bd2 {maybe not the best reaction.} O-O 8. cxd5 Nxd5 9. Nxd5 Bxd2+ 10. Nxd2
Nxc5 11. Qc4 Qxd5 12. Qxd5 exd5 13. Rc1 b6 14. e3 Bf5 15. b4 Nd3+ 16. Bxd3 Bxd3
17. Nb3 Bc4 18. Kd2 a5 19. bxa5 bxa5 20. Rc2 Rfb8 21. Rhc1 h5 22. Nc5 Rb5 23.
Nd3 Re8 24. h4 g6 25. Nf4 Kg7 26. f3 Rb4 27. e4 Ra4 28. Nxd5 Bxd5 29. exd5 Rd4+
30. Kc3 Rxd5 {Black is a little better in this endgame because her rooks are
better placed, but somehow it feels like it should be a draw nonetheless.} 31.
Kc4 Red8 32. g3 Rd4+ 33. Kb3 Rb8+ 34. Ka3 Re8 35. Kb2 Rd3 36. Rc3 Re2+ 37. Kb3
a4+ 38. Ka3 Rxc3+ 39. Rxc3 Rg2 40. Rd3 (40. f4 Kf6 $15) 40... Rxg3 41. Kxa4 Rh3
42. Kb3 Rxh4 43. a4 Rf4 44. a5 h4 45. a6 Rf6 46. a7 Ra6 47. Rd4 Rxa7 48. Rxh4
Rc7 49. Rf4 Rc1 50. Kb2 Rc5 51. Ra4 Kf6 52. Ra7 g5 53. Rb7 Kg6 54. Ra7 f6 55.
Ra6 Kf5 56. Ra4 Re5 0-1